MARC

LEADER 00000nam0a2200000 4500
001 250865
005 20231101232614.0
035 |a (RuTPU)RU\TPU\book\273101 
090 |a 250865 
100 |a 20140217d1988 k y0rusy50 ca 
101 0 |a rus 
102 |a RU 
105 |a a z 001zy 
200 1 |a Импульсный электромагнитный привод  |e сборник научных трудов  |f Академия наук СССР (АН СССР), Сибирское отделение (СО), Институт горного дела (ИГД) ; под ред. Н. П. Ряшенцева 
210 |a Новосибирск  |c Изд-во ИГД  |d 1988 
215 |a 166 с.  |c ил. 
320 |a Библиогр. в конце ст. 
606 1 |a Электромагнитный привод  |2 stltpush  |3 (RuTPU)RU\TPU\subj\20197  |9 45316 
610 1 |a расчет 
610 1 |a создание 
610 1 |a исследование 
610 1 |a линейные двигатели 
610 1 |a преобразование энергии 
610 1 |a магнитная проводимость 
610 1 |a электромагнитные двигатели 
610 1 |a энергетические показатели 
610 1 |a обмотки 
610 1 |a полупроводниковые преобразователи 
675 |a 62-83  |v 3 
702 1 |a Ряшенцев  |b Н. П.  |4 340 
712 0 2 |a Академия наук СССР (АН СССР)  |b Сибирское отделение (СО)  |b Институт горного дела (ИГД)  |c (Новосибирск)  |2 stltpush  |3 (RuTPU)RU\TPU\col\11352 
801 1 |a RU  |b 63413507  |c 20140217 
801 2 |a RU  |b 63413507  |c 20140623  |g RCR 
942 |c BK